The Oxford history of India/ (Record no. 18544)
[ view plain ]
| 000 -LEADER | |
|---|---|
| fixed length control field | 00966cam a22002771 4500 |
| 001 - CONTROL NUMBER | |
| control field | 9816668 |
| 003 - CONTROL NUMBER IDENTIFIER | |
| control field | BDDh-ASL |
| 005 - DATE AND TIME OF LATEST TRANSACTION | |
| control field | 20231015025719.0 |
| 008 - FIXED-LENGTH DATA ELEMENTS--GENERAL INFORMATION | |
| fixed length control field | 800716s1958 enkabc b 000 0 eng |
| 010 ## - LIBRARY OF CONGRESS CONTROL NUMBER | |
| LC control number | 58004883 |
| 035 ## - SYSTEM CONTROL NUMBER | |
| System control number | (OCoLC)6518811 |
| 040 ## - CATALOGING SOURCE | |
| Original cataloging agency | DLC |
| Transcribing agency | OUrC |
| Modifying agency | BDDh-ASL |
| -- | ODaWU |
| -- | DLC |
| 042 ## - AUTHENTICATION CODE | |
| Authentication code | premarc |
| 050 00 - LIBRARY OF CONGRESS CALL NUMBER | |
| Classification number | DS436 |
| Item number | .S55 1958 |
| 082 ## - DEWEY DECIMAL CLASSIFICATION NUMBER | |
| Classification number | 954 |
| Item number | SMI |
| 100 1# - MAIN ENTRY--PERSONAL NAME | |
| Personal name | Smith, Vincent Arthur, |
| Dates associated with a name | 1848-1920. |
| 245 14 - TITLE STATEMENT | |
| Title | The Oxford history of India/ |
| Statement of responsibility, etc. | by the late Vincent A. Smith. |
| 250 ## - EDITION STATEMENT | |
| Edition statement | 3d ed., |
| Remainder of edition statement | edited by Percival Spear. Pt. 1 rev. by Mortimer Wheeler and A. L. Basham; pt. 2 rev. by J. B. Harrison; pt. 3 rewritten by Percival Spear. |
| 260 ## - PUBLICATION, DISTRIBUTION, ETC. | |
| Place of publication, distribution, etc. | Oxford: |
| Name of publisher, distributor, etc. | Clarendon Press, |
| Date of publication, distribution, etc. | 1958. |
| 300 ## - PHYSICAL DESCRIPTION | |
| Extent | xiii, 898 p. : |
| Other physical details | illus., ports., maps ( 1 fold.) ; |
| Dimensions | 19 cm. |
| 504 ## - BIBLIOGRAPHY, ETC. NOTE | |
| Bibliography, etc. note | Includes bibliographies. |
| 590 ## - LOCAL NOTE (RLIN) | |
| Local note | In English. |
| 651 #0 - SUBJECT ADDED ENTRY--GEOGRAPHIC NAME | |
| Geographic name | India |
| General subdivision | History. |
| 906 ## - LOCAL DATA ELEMENT F, LDF (RLIN) | |
| a | 7 |
| b | cbc |
| c | oclcrpl |
| d | u |
| e | ncip |
| f | 19 |
| g | y-gencatlg |
| 942 ## - ADDED ENTRY ELEMENTS (KOHA) | |
| Source of classification or shelving scheme | Dewey Decimal Classification |
| Koha item type | Books |
| Withdrawn status | Lost status | Source of classification or shelving scheme | Damaged status | Not for loan | Collection code | Home library | Current library | Shelving location | Date acquired | Source of acquisition | Total Checkouts | Full call number | Barcode | Date last seen | Copy number | Price effective from | Koha item type | Public note |
|---|---|---|---|---|---|---|---|---|---|---|---|---|---|---|---|---|---|---|
| Dewey Decimal Classification | Not For Loan | Non-fiction | Asiatic Society Library | Asiatic Society Library | Harrison Collection | 10/13/2020 | Donated by Prof. John B. Harrison | 954 SMI | 101736 | 10/13/2020 | C-1 | 10/13/2020 | Books | RARE |